Rukopisy Univerzitnej knižnice v Bratislave

Bibliographic Details
Main Author: Kotvan, Imrich, 1910-1984 (Author)
Format: Book
Language:Slovak
German
PhysicalDescription:544 strán, 24 strán obrazových príloh faksimile, fotografie 8°
Published: Bratislava Univerzitná knižnica 1970
Subjects:

MARC

LEADER 00000cam a2200000 a 4500
001 vtls008357347
003 SK-MaSNL
005 20260426015632.0
008 230629s1970 xo ho grcn 001 0 slo
015 |a SNBA1970/12-03010 
020 |q (viazané) 
035 |a SK01SNK19700049564 
035 |a FA218AE7-FC69-4A61-B3D3-8FA4F82FBBFA 
035 |a urn:nbn:sk:snk-am00ik7l 
035 |a SKM000052027 
040 |a SNK  |b slo  |c SNK  |e AACR2 
041 0 |a slo  |a ger 
043 |a e-xo--- 
044 |a xo  |c SK 
072 7 |a 09  |x Rukopisy, prvotlače, staré tlače. Vzácne a pozoruhodné diela  |2 konspekt 
080 |a 017.1:091:027.7(437.6)  |2 1981 
080 |a 091  |2 2011 
080 |a 027.7  |2 2011 
080 |a (083.82)  |2 2011 
080 |a (437.611)  |2 2011 
100 1 |a Kotvan, Imrich,  |d 1910-1984  |4 aut  |9 101596 
245 1 0 |a Rukopisy Univerzitnej knižnice v Bratislave  |c Imrich Kotvan 
260 |a Bratislava  |b Univerzitná knižnica  |c 1970  |e Bratislava  |f Svornosť 
300 |a 544 strán, 24 strán obrazových príloh  |b faksimile, fotografie  |c 8° 
500 |a Súbežná titulná strana v latinčine 
500 |a Vydala Univerzitná knižnica vo Vydavateľstve Slovenskej akadémie vied 
504 |a Obsahuje bibliografické odkazy a register 
506 |a 700 výtl. 
546 |a Čiastočný text v nemčine 
610 2 7 |a Univerzitná knižnica v Bratislave  |2 SNKMA  |9 192279 
650 0 7 |a rukopisy  |2 SNKPH  |9 1788 
650 0 7 |a univerzitné knižnice  |2 SNKPH  |9 69928 
651 7 |a Bratislava (Slovensko)  |2 SNKPHgeo  |9 14568 
655 7 |a katalógy  |2 SNKPH  |9 60821 
710 2 |a Veda (vydavateľstvo : Bratislava, Slovensko)  |4 pbl  |9 57545 
852 |a Slovenská národná knižnica 
954 |a odborná, vedecká literatúra pôvodná (slovenská)  |2 lita 
958 |a OND 
958 |a TL 
958 |a KL 
958 |a NB 
958 |a RK 
958 |a EUIPO 
999 |c 1189906  |d 1191836 
952 |a SNK  |b SNK  |y VYP  |7 0  |p 17A0332177  |o snkSC 26847 D2  |i snk2011/495  |8 5  |0 0  |1 0  |4 0  |d 2011-01-11  |l 0  |r 2026-02-24 22:08:28  |w 2026-02-24 
952 |a SNK  |b SNK  |y PREZ  |7 0  |p 17A0937863  |o snkSC 26847  |i snkKSP 355/71  |0 0  |1 0  |4 0  |d 2012-08-28  |f 1  |l 0  |r 2025-09-11 00:00:00  |w 2026-02-24 
952 |a SNK  |b SNK  |y VYP  |7 0  |p 17A1344884  |o snkSC 26847 D1  |i snkKSP 356/71  |0 0  |1 0  |4 0  |d 2019-01-15  |l 0  |r 2026-02-24 22:08:28  |w 2026-02-24